Normal view
MARC view
- PC REPAIR GUIDE
Entry Topical Term
001 - CONTROL NUMBER
- control field: 60753
003 - CONTROL NUMBER IDENTIFIER
- control field: NUST
005 - DATE AND TIME OF LATEST TRANSACTION
- control field: 20210628202620.0
008 - FIXED-LENGTH DATA ELEMENTS
- fixed length control field: 210628|| aca||aabn | a|a d
040 ## - CATALOGING SOURCE
- Original cataloging agency: NUST
- Transcribing agency: NUST
150 ## - HEADING--TOPICAL TERM
- Topical term or geographic name entry element: PC REPAIR GUIDE
670 ## - SOURCE DATA FOUND
- Source citation: Work cat.: (NUST): BRENNER, ROBERT.C 36708, IBM PC TROUBLESHOOTING AND REPAIR GUIDE , 1994
